00529nam a22001937a 450000500170000001000260001702000260004302000180006903500140008703500140010103700090011508200100012410000180013424500590015226000390021127000450025030000230029549000170031820240816150615.0 aENG-141024 ENG-141317 c900.00a9788184663372 c9789393426567 aEN-124556 aEN-124849 bDBAD a294.5 aSATSANG BEAS  aPhilosophy of the Master/bBy Radha Soami Satsang Beas aPunjabbJ.C Sethi, Secretaryc2014 bPunjabaRadha Soami Satsang Bease143204 a419vpp.c23cm(pbk) vVol 1, Vol 2